Statystyki dla Maryla Rodowicz #tekstypolskichpiosenek

Kliknij tutaj aby rozwiązać quiz!

Ogólne statystyki

  • Ten quiz został rozwiązany 207 razy
  • Średni wynik to 6 z 15

Statystyki odpowiedzi

Tekst piosenkiTytuł% Poprawnych
To był maj, pachniała Saska Kępa, szalonym zielonym bzemMałgośka
96%
Gdy twoje córy gryzą pazury, Gdy twoje żony piłują szpony, Twoi rodzice trwonią krwawicę. Stroszą na głowie swoje sitowie, twoi synowie.Szparka sekretarka
62%
Życie kochanie trwa tyle co taniec, fandango, bolero, be-bop, manna, hosanna, różaniec i szaniec, i jazda, i basta, i stop.Niech żyje bal
61%
Kiedy patrzę hen za siebie, w tamte lata co minęły. Kiedy myślę co przegrałam a co diabli wzięliKolorowe jarmarki
55%
Znam ludzi z kamienia, co będą wiecznie trwać. Znam ludzi z papieru, co rzucają się na wiatrŁatwopalni
46%
Choć w papierach lat przybyło to naprawdę wciąż jesteśmy tacy samiTo już było
44%
Czy ja nie jestem lepsza niż cała reszta pań, cały babski wyż. Gdy mnie widzisz, czemu wołasz SOS na mój widok SOS, SOS.Sing sing
40%
Dawne życie poszło w dal, dziś pierogi, dzisiaj bal, tylko koni, tylko koni, tylko koni, tylko koni żal.Dziś prawdziwych cyganów już nie ma
36%
Światem zaczęła rządzić jesień, topi go w żółci i czerwieni. A ja tak pragnę czemu nie wiem, uciec pociągiem od jesieni.Remedium
33%
Chuda jak słomka cizia blond, z lichym torsem starszy pan, tęga madame co z psina przez osiedle mknieWszyscy chcą kochać
25%
Są dwa światy i jedno słońce, które u nas słabiej coś grzeje. Ty masz pewnie duże pieniądze, ja nadzieję, ja nadzieję.Rozmowa przez ocean
19%
Autobusy zapłakane deszczem, wożą ludzi od siebie do siebie, po błyszczącym mokrym asfalcie, jak po czarnym gwiaździstym niebieDo łezki łezka
18%
Bo trzeba mieć nadzieje, że biznes się opłaci. Że będzie z niego zysk a firma nic nie straciKasa i sex
18%
A my, choć Szarik już padł, wciąż nie jesteśmy na tak! A przecież Janek, nasz Bond, tak bardzo kochał ją.Marusia
16%
A na razie fruwają motyle, tyle tego, tamtego też tyle. A na razie wierzymy w baśnie. I jaśniej, i jaśniejJest cudnie
8%

Rozkład punktacji

Percentyl według liczby udzielonych odpowiedzi

Procent ludzi z każdym wynikiem

Twoja historia wyników

Nie rozwiązałeś tego quizu